000 00737cam a2200253 4500
008 090401t1994 xxu||||| |||| 00| 0 eng d
020 _a0563369620
035 _a(Sirsi) u47203
041 _aeng
050 _a650
100 _aPhipps, Rosemary
245 _aStart a successful business
260 _aLondon
_bBBC Books
_c1994
300 _a175p. ; 21cm.
350 _a6.99
520 _aGives a step-by-step guide to all you need to know about setting up and running a successful business.
650 _aBUSINESS PLANS
650 _aMARKETING
650 _aSMALL BUSINESSES
650 _aSTARTING UP IN BUSINESS
690 _aMANAGEMENT-BUSINESS MANAGEMENT-PROFESSIONAL PRACTICE
942 _n0
948 _c04/03/1997
999 _c92079
_d92079